| Tag |
First Indicator |
Second Indicator |
Subfields |
| LEADER |
00000cam a2200000Ia 4500 |
| 001 |
in00001562321 |
| 005 |
20200709142403.0 |
| 008 |
971229s1998 iluab b 001 0 eng d |
| 035 |
|
|
|a (OCoLC)ocm38137436
|
| 040 |
|
|
|a VCW
|c VCW
|d TXA
|
| 020 |
|
|
|a 0881339644
|
| 043 |
|
|
|a n-us-az
|
| 090 |
|
|
|a E99.S547
|b K35 1998
|
| 049 |
|
|
|a TXAM
|
| 100 |
1 |
|
|a Kamp, Kathryn Ann.
|
| 245 |
1 |
0 |
|a Life in the pueblo :
|b understanding the past through archaeology /
|c Kathryn Kamp ; illustrations by Amy Henderson.
|
| 260 |
|
|
|a Prospect Heights :
|b Waveland Press,
|c c1998.
|
| 300 |
|
|
|a xi, 224 p. :
|b ill., maps ;
|c 24 cm.
|
| 336 |
|
|
|a text
|b txt
|2 rdacontent
|
| 337 |
|
|
|a unmediated
|b n
|2 rdamedia
|
| 338 |
|
|
|a volume
|b nc
|2 rdacarrier
|
| 504 |
|
|
|a Includes bibliographical references (p. 211-219) and index.
|
| 651 |
|
0 |
|a Lizard Man Village Site (Ariz.)
|x Antiquities.
|
| 650 |
|
0 |
|a Sinagua culture
|
| 650 |
|
0 |
|a Excavations (Archaeology)
|z Arizona
|z Flagstaff.
|
| 650 |
|
0 |
|a Indians of North America
|z Arizona
|z Flagstaff
|x Antiquities.
|
| 650 |
|
0 |
|a Hopi Indians.
|
| 994 |
|
|
|a E0
|b TXA
|
| 948 |
|
|
|a cataloged
|b h
|c 2000/9/4
|d c
|e lmiller
|f 11:28:20 am
|
| 999 |
f |
f |
|s 1b863577-2dab-3e79-8b58-a759a1dcaa4b
|i 4693db7a-d4a1-32a7-9dcb-2808af831669
|t 0
|
| 952 |
f |
f |
|p normal
|a Texas A&M University
|b College Station
|c Sterling C. Evans Library
|d Evans: Library Stacks
|t 0
|e E99.S547 K35 1998
|h Library of Congress classification
|i unmediated -- volume
|m A14826079812
|
| 998 |
f |
f |
|a E99.S547 K35 1998
|t 0
|l Evans: Library Stacks
|